[Event "Novosibirsk Sukharev Memorial Seniors"]
[Site "Novosibirsk"]
[Date "2012.07.24"]
[Round "7"]
[White "Pshenichnikov, Valerij"]
[Black "Kuzin, Vladimir"]
[Result "0-1"]
[WhiteElo "1719"]
[BlackElo "2002"]
[PlyCount "112"]
[EventDate "2012.07.18"]
[EventType "swiss"]
[EventRounds "9"]
[EventCountry "RUS"]
[SourceTitle "EXT 2014"]
[Source "ChessBase"]
[SourceDate "2013.11.20"]
[SourceVersion "1"]
[SourceVersionDate "2013.11.20"]
[SourceQuality "1"]

1. d4 d5 2. c4 dxc4 3. e4 g6 4. Nc3 Bg7 5. Bxc4 Bxd4 6. Nge2 Bxc3+ 7. Nxc3 Qxd1+ 8. Nxd1 Nf6 9. f3 Nc6 10. Bf4 e5 11. Bg5 Nd7 12. Ne3 h6 13. Bh4 Nb6 14. Bb3 g5 15. Bf2 Be6 16. Nd5 0-0-0 17. 0-0-0 Na5 18. Nxb6+ axb6 19. Bxe6+ fxe6 20. b3 Nc6 21. Rhe1 Rdf8 22. h3 h5 23. Bg3 g4 24. Re3 gxh3 25. gxh3 Rhg8 26. Rg1 Nd4 27. Bh2 Rxg1+ 28. Bxg1 Nxf3 29. Bf2 Nd4 30. Bg3 Nc6 31. a3 Rg8 32. b4 b5 33. Kd2 Rd8+ 34. Kc2 Rd4 35. Kc1 Kd7 36. Kc2 Kd6 37. Rd3 b6 38. Kd2 Rxd3+ 39. Kxd3 Nd4 40. Bf2 c5 41. bxc5+ bxc5 42. Kc3 Kc6 43. Kd3 Kb6 44. Bg3 Nc6 45. Kc3 Ka5 46. Kb3 c4+ 47. Kb2 Ka4 48. h4 c3+ 49. Kxc3 Kxa3 50. Kc2 b4 51. Kb1 Kb3 52. Be1 Kc4 53. Kb2 Kd4 54. Kb3 Kxe4 55. Bxb4 Nxb4 56. Kxb4 Kd3 0-1

[Event "Novosibirsk-ch Seniors op"]
[Site "Novosibirsk"]
[Date "2008.10.02"]
[Round "8"]
[White "Kuzin, Vladimir"]
[Black "Mardanyan, Eduard"]
[Result "1-0"]
[WhiteElo "2091"]
[BlackElo "1718"]
[PlyCount "69"]
[EventDate "2008.09.25"]
[EventType "swiss"]
[EventRounds "9"]
[EventCountry "RUS"]
[SourceTitle "EXT 2022"]
[Source "ChessBase"]
[SourceDate "2021.10.06"]
[SourceVersion "1"]
[SourceVersionDate "2021.10.06"]
[SourceQuality "1"]

1. Nf3 Nc6 2. g3 b6 3. d3 Bb7 4. Bg2 d6 5. 0-0 e5 6. e4 Be7 7. c3 Nf6 8. Re1 Qd7 9. b4 a6 10. a4 h6 11. Nbd2 Nh7 12. Nf1 Nd8 13. Ne3 g6 14. d4 Bxe4 15. dxe5 d5 16. Qb3 c6 17. Bb2 0-0 18. Rad1 Ne6 19. b5 Nc5 20. bxc6 Qxc6 21. Nxd5 Ra7 22. Qxb6 Bxd5 23. Qxa7 Bxf3 24. Bxf3 Qxf3 25. Qxe7 Ng5 26. Qxc5 Nh3+ 27. Kf1 Rb8 28. Bc1 Qh1+ 29. Ke2 Qe4+ 30. Qe3 Qc4+ 31. Qd3 Qxa4 32. Bxh6 g5 33. Kf1 Qc6 34. Qd5 Rb2 35. Re2 1-0

[Event "Novosibirsk-ch Seniors op"]
[Site "Novosibirsk"]
[Date "2008.09.29"]
[Round "5"]
[White "Gulin, Yury"]
[Black "Kuzin, Vladimir"]
[Result "1-0"]
[WhiteElo "1957"]
[BlackElo "2091"]
[PlyCount "83"]
[EventDate "2008.09.25"]
[EventType "swiss"]
[EventRounds "9"]
[EventCountry "RUS"]
[SourceTitle "EXT 2022"]
[Source "ChessBase"]
[SourceDate "2021.10.06"]
[SourceVersion "1"]
[SourceVersionDate "2021.10.06"]
[SourceQuality "1"]

1. e4 d6 2. c4 e5 3. Nc3 g6 4. g3 Bg7 5. Bg2 c6 6. Nge2 Nf6 7. d4 Nbd7 8. 0-0 a5 9. b3 0-0 10. h3 Re8 11. Be3 Qc7 12. Qd2 exd4 13. Bxd4 Nc5 14. Qc2 h5 15. Rad1 Qe7 16. Rfe1 Bh6 17. f3 Ne6 18. Bf2 Ng5 19. h4 Nh3+ 20. Bxh3 Bxh3 21. Nf4 Be6 22. Nce2 g5 23. hxg5 Bxg5 24. Kg2 Kg7 25. Bd4 Rh8 26. Rh1 h4 27. g4 Kg8 28. Rdg1 d5 29. exd5 cxd5 30. Qb2 Kf8 31. Nh3 Nxg4 32. Bxh8 Ne3+ 33. Kh2 Bxh3 34. Qe5 Qxe5+ 35. Bxe5 Bg2 36. Rxg2 Nxg2 37. Kxg2 dxc4 38. f4 Be7 39. bxc4 Rc8 40. Rc1 Ba3 41. Rc2 b5 42. c5 1-0

[Event "SibFR-ch Seniors"]
[Site "Novosibirsk"]
[Date "2007.10.09"]
[Round "1"]
[White "Kuzin, Vladimir"]
[Black "Ivanov, Albert"]
[Result "1-0"]
[WhiteElo "2054"]
[BlackElo "1810"]
[PlyCount "65"]
[EventDate "2007.10.09"]
[EventType "swiss"]
[EventRounds "9"]
[EventCountry "RUS"]
[SourceTitle "EXT 2022"]
[Source "ChessBase"]
[SourceDate "2021.10.06"]
[SourceVersion "1"]
[SourceVersionDate "2021.10.06"]
[SourceQuality "1"]

1. d4 Nf6 2. Nf3 g6 3. g3 d5 4. Bg2 Bg7 5. 0-0 0-0 6. Bg5 c6 7. c3 Re8 8. Nbd2 Qb6 9. b3 Nbd7 10. c4 Ne4 11. Be3 Nxd2 12. Qxd2 Nf6 13. Ne5 Qd8 14. f3 Nd7 15. Ng4 Nf6 16. Nh6+ Kf8 17. Rac1 Ng8 18. Ng4 Bxg4 19. fxg4 Nf6 20. g5 Ng4 21. cxd5 Nxe3 22. Qxe3 cxd5 23. Qf3 f6 24. Rc5 Kg8 25. Rxd5 Qb6 26. e3 Rf8 27. Rd7 Qe6 28. Qd5 Kf7 29. gxf6 Bxf6 30. Rxb7 Rfd8 31. Qc4 Rac8 32. Qxe6+ Kxe6 33. Bh3+ 1-0

[Event "Novosibirsk-ch Seniors op"]
[Site "Novosibirsk"]
[Date "2007.10.02"]
[Round "8"]
[White "Kuzin, Vladimir"]
[Black "Stepanenko, Leonid"]
[Result "1/2-1/2"]
[WhiteElo "2026"]
[BlackElo "2007"]
[PlyCount "76"]
[EventDate "2007.09.24"]
[EventType "swiss"]
[EventRounds "9"]
[EventCountry "RUS"]
[SourceTitle "EXT 2022"]
[Source "ChessBase"]
[SourceDate "2021.10.06"]
[SourceVersion "1"]
[SourceVersionDate "2021.10.06"]
[SourceQuality "1"]

1. e4 e6 2. Qe2 Nc6 3. c3 d5 4. e5 Nge7 5. d4 a5 6. f4 b6 7. Na3 Nf5 8. Nb5 Ba6 9. a4 Nb8 10. Qf2 c6 11. Na3 Bxf1 12. Kxf1 Be7 13. Nf3 0-0 14. g3 Nd7 15. Kg2 f6 16. Nc2 fxe5 17. dxe5 g5 18. fxg5 Nxe5 19. Nxe5 Nh4+ 20. gxh4 Rxf2+ 21. Kxf2 Qf8+ 22. Nf3 e5 23. Kg2 e4 24. Nfe1 Qf5 25. h3 Rf8 26. Be3 Bc5 27. Nd4 Bxd4 28. cxd4 Qg6 29. Rc1 Qh5 30. Rc2 Qd1 31. Rf1 Rf3 32. Bg1 Rxf1 33. Kxf1 Qb1 34. Rxc6 Qxb2 35. h5 b5 36. Rc8+ Kf7 37. Rc7+ Kg8 38. Rc8+ Kf7 1/2-1/2

[Event "Novosibirsk-ch Seniors op"]
[Site "Novosibirsk"]
[Date "2007.10.01"]
[Round "7"]
[White "Kuzin, Vladimir"]
[Black "Nikitin, Gennady Sergeevich"]
[Result "1-0"]
[WhiteElo "2026"]
[BlackElo "2123"]
[PlyCount "83"]
[EventDate "2007.09.24"]
[EventType "swiss"]
[EventRounds "9"]
[EventCountry "RUS"]
[SourceTitle "EXT 2022"]
[Source "ChessBase"]
[SourceDate "2021.10.06"]
[SourceVersion "1"]
[SourceVersionDate "2021.10.06"]
[SourceQuality "1"]

1. e4 e6 2. Qe2 c5 3. g3 Nc6 4. c3 d5 5. d3 Nf6 6. e5 Nd7 7. f4 Be7 8. Bg2 0-0 9. Nf3 b5 10. a3 a5 11. 0-0 Ba6 12. h4 b4 13. Kh2 bxc3 14. bxc3 Rb8 15. a4 Qc7 16. Re1 Rfe8 17. Bh3 Nf8 18. Na3 c4 19. d4 Rb3 20. Qc2 Reb8 21. Nd2 R3b6 22. Bg2 Qd8 23. h5 Na7 24. Qd1 Bb7 25. Nc2 Bc6 26. Ne3 Qd7 27. Rf1 Nc8 28. Qg4 f5 29. exf6 Bxf6 30. Ba3 Be7 31. f5 Bxa3 32. fxe6 Nxe6 33. Rxa3 Rb2 34. Nf3 Ne7 35. Ne5 Qd6 36. Raa1 Be8 37. Rf3 h6 38. Raf1 Kh7 39. Nf5 Nxf5 40. Qxf5+ Kg8 41. Ng6 Bxg6 42. hxg6 1-0

[Event "Novosibirsk Sibiria op-D"]
[Site "Novosibirsk"]
[Date "2007.07.27"]
[Round "8"]
[White "Chesnokov, Gennady"]
[Black "Kuzin, Vladimir"]
[Result "1/2-1/2"]
[WhiteElo "2018"]
[BlackElo "2026"]
[PlyCount "134"]
[EventDate "2007.07.20"]
[EventType "swiss"]
[EventRounds "9"]
[EventCountry "RUS"]
[SourceTitle "EXT 2008"]
[Source "ChessBase"]
[SourceDate "2007.11.25"]
[SourceVersion "1"]
[SourceVersionDate "2007.11.25"]
[SourceQuality "1"]

1. e4 c5 2. f4 g6 3. Nf3 Bg7 4. Nc3 e6 5. e5 a6 6. Ne4 Bf8 7. Nfg5 h6 8. Nf3 b6 9. b3 Bb7 10. Bd3 Bxe4 11. Bxe4 Nc6 12. Bb2 Bg7 13. 0-0 Nge7 14. Rb1 Qc7 15. a4 0-0-0 16. Qe2 Qb7 17. d4 Nd5 18. c4 Ndb4 19. d5 exd5 20. cxd5 Ne7 21. d6 Nec6 22. Qc4 Rhf8 23. e6 Bxb2 24. e7 Bg7 25. exd8Q+ Kxd8 26. Ne5 f5 27. Bf3 b5 28. Qxc5 Qa7 29. Qxa7 Nxa7 30. axb5 Nxb5 31. Rfd1 g5 32. Rbc1 gxf4 33. Bb7 Nxd6 34. Rxd6 Bxe5 35. Rc8+ Ke7 36. Rxd7+ Kxd7 37. Rxf8 Bd4+ 38. Kf1 Nc2 39. Ke2 Bg1 40. h3 Nd4+ 41. Kf1 Be3 42. Bxa6 Nxb3 43. Rxf5 Nd4 44. Rh5 f3 45. gxf3 Bg5 46. f4 Nf5 47. Rxg5 hxg5 48. fxg5 Ke7 49. Bd3 Nh6 50. Kf2 Kf7 51. Kf3 Kg7 52. h4 Nf7 53. Bb1 Nh8 54. Kf4 Nf7 55. Ba2 Nh6 56. h5 Kh7 57. Be6 Kg7 58. Ke5 Kh8 59. Kf6 Kh7 60. Bf5+ Kg8 61. Be6+ Kh7 62. g6+ Kh8 63. Kg5 Kg7 64. Bb3 Kh8 65. Kf6 Ng4+ 66. Kf7 Ne5+ 67. Kf8 Nxg6+ 1/2-1/2

[Event "Novosibirsk Sibiria op-D"]
[Site "Novosibirsk"]
[Date "2007.07.23"]
[Round "4"]
[White "Kuzin, Vladimir"]
[Black "Shilenko, Vladimir"]
[Result "0-1"]
[WhiteElo "2026"]
[BlackElo "2121"]
[PlyCount "88"]
[EventDate "2007.07.20"]
[EventType "swiss"]
[EventRounds "9"]
[EventCountry "RUS"]
[SourceTitle "EXT 2008"]
[Source "ChessBase"]
[SourceDate "2007.11.25"]
[SourceVersion "1"]
[SourceVersionDate "2007.11.25"]
[SourceQuality "1"]

1. c4 e5 2. Nc3 f5 3. g3 Nf6 4. Bg2 Bc5 5. e3 Nc6 6. d3 a6 7. a3 0-0 8. b4 Ba7 9. Bb2 d6 10. Nf3 Qe8 11. Qc2 Nd8 12. h3 Ne6 13. 0-0-0 a5 14. g4 f4 15. Rhe1 axb4 16. axb4 Qg6 17. Nh4 Qg5 18. Nf5 Rf7 19. Bf3 fxe3 20. fxe3 Nd4 21. Nxd4 Bxd4 22. Qd2 Ba7 23. Kc2 c6 24. Ra1 Ne8 25. Qg2 Qd8 26. b5 Qb6 27. bxc6 bxc6 28. Bxc6 Rb8 29. Nb5 Nc7 30. Bc3 Nxb5 31. Bxb5 Bb7 32. Qd2 Rbf8 33. Ba5 Qc5 34. Bb4 Qb6 35. Bxd6 Qxd6 36. Rxa7 Qc5 37. Raa1 Rf3 38. Qe2 Rf2 39. Kc3 Rxe2 40. Rxe2 Rf3 41. Rae1 Rxh3 42. Bd7 Qd6 43. Be8 Qa3+ 44. Kc2 Bf3 0-1